Sörfogyasztási szokások hazánkban, egy sörest megszervezése, lebonyolítása

Bibliographic Details
Main Author: Makai Soma Szabolcs
Other Authors: Györe György
Format: Final Paper
Kulcsszavak:Sör, történet
Sörkészítés
Sör, fajta
Fogyasztási szokás, sör
Rendezvény, sörest
Online Access:http://dolgozattar.uni-bge.hu/59316

MARC

LEADER 00000nta a2200000 i 4500
001 dolg59316
005 20260109132005.0
008 260108suuuu hu o 000 hun d
040 |a BGE Dolgozattár Repozitórium  |b hun 
041 |a hu 
100 1 |a Makai Soma Szabolcs 
245 1 0 |a Sörfogyasztási szokások hazánkban, egy sörest megszervezése, lebonyolítása  |c Makai Soma Szabolcs  |h [elektronikus dokumentum] 
516 |a Final_paper 
695 |a Sör, történet 
695 |a Sörkészítés 
695 |a Sör, fajta 
695 |a Fogyasztási szokás, sör 
695 |a Rendezvény, sörest 
700 1 |a Györe György  |e ths 
856 4 0 |u http://dolgozattar.uni-bge.hu/59316/1/Makai-Soma-Szabolcs.pdf  |z Dokumentum-elérés